1192 1922 1388 1145 1155 1439 1982 1750 1100 1220 1546 1578 1301 1495 1732 1427 1068 1302 1663 1966 1049 1851 1708 1776 1506 1904 1027 1992 1808 1779 1819 1463 1554 1343 1213 1036 1712 1292 1487 1227 1063 1044 1613 1420 1522 1960 1404 1227 1187 1176 1879 1662 1099 1010 1022 1579 1370 1178 1659 1403 1797 1522 1785 1159 1320 1373 1548 1790 1990 1233 1039 1098 1435 1392 1875 1276 1158 1873 1547 1916 1367 1066 1323 1563 1657 1324 1608 1104 1700 1137 1291 1246 1211 1392 1150 1626 1595 1433 1548 BCNSPRNW ULIB Ver.6.0+V

เปลี่ยนเป็นภาษาไทย

Change to English
 แสดงรายละเอียดบรรณานุกรม
  กลับหน้าหลัก

Brief Record : Get Marc (ISO 2709) : E-mail record : QR code < ปิดหน้าต่าง
LEADER : 00000nam 2200000uu 4500
001    13399127061
003     ULIB
008    020711s2561 th a 000 0 tha d
020    ^a9786160443222
060    ^aWS103^bS-ธ
100    ^aSAM GODWIN
245    ^aเธอได้ยินไหม ชุดครอบครัวนักวิทยาศาสตร์น้อย (นิทานสร้างความรู้ สองภาษา ไทย-อังกฤษ)
250    ^aพิมพ์ครั้งที่ 1
260    ^aกรุงเทพฯ :^bนานมีบุ๊คส์คิดดี้,^c2561
300    ^a36 หน้า;^b24 ซม.
650    ^aเด็ก^xการเรียนการสอน
945    ^p115^l0^i006249
999    ^aประนอม เกษจรัล
รายการนี้ยังไม่มีแท็ก
คุณยังไม่ได้ล็อกอิน คุณสามารถมีกิจกรรมร่วมกับเว็บไซต์ได้ แต่ต้องล็อกอินก่อน ::
  ล็อกอิน

รายการสื่อสารสนเทศ

ลำดับที่ ประเภท เลขเรียก/บาร์โค้ด สถานที่ สถานะ
1. วิทยาศาสตร์การแพทย์ และสุขภาพ
วิทยาศาสตร์การแพทย์ และสุขภาพ
WS103 S-ธ ฉ.1 
  Barcode: 006249
ห้องสมุดวิทยาเขตสวรรค์ประชารักษ์
►หนังสือทั่วไป
บนชั้น

รายการใกล้เคียง
    ผู้แต่ง [SAM GODWIN]

BibComment


ยังไม่เคยถูกคอมเมนท์

คอมเมนท์ทรัพยากรรายการนี้
  คอมเมนท์: เธอได้ยินไหม ชุด..


 Copyright 2026. Bcnsprnw @Library